The comics of Alison Bechdel : from the outside in /

שמור ב:
מידע ביבליוגרפי
מחברים אחרים: Utell, Janine, (1975-)
פורמט: ספר
שפה:אנגלית
יצא לאור: Jackson : University Press of Mississippi, 2020
תגים: הוספת תג
אין תגיות, היה/י הראשונ/ה לתייג את הרשומה!

MARC

LEADER 00000nam a22000007i 4500
001 IT\ICCU\UBO\4876477
003 ItRI
005 20260115232011.0
008 250506s2020 xxu|||||| ||||| |||||c
020 |a 9781496825780 
040 |b ita  |c importazione bologna sebina 
041 7 |a eng  |2 ISO-639-2 
130 4 |a The comics of Alison Bechdel  |3 IT\ICCU\UBO\4876478  |9 Utell, Janine <1975-> 
245 0 4 |a The comics of Alison Bechdel :  |b from the outside in /  |c edited by Janine Utell. 
260 |a Jackson :  |b University Press of Mississippi,  |c 2020 
300 |a XXIX, 250 p. :  |b ill. ;  |c 24 cm 
700 1 |a Utell, Janine,  |d  (1975-)  |0 IT\ICCU\USMV\999528 
942 |2 ddc  |c BK  |n 0 
952 |0 0  |1 0  |4 0  |6 L_741_597000000000000_UTE  |7 0  |9 18698  |a BO  |b BO  |d 2026-01-15  |i 20116  |l 0  |o L 741.597 UTE  |p BO20116  |r 2026-01-15 23:20:11  |w 2026-01-15  |x [Sebina 5] [1 v.]  |y BK  |z 1 v. 
999 |c 15861  |d 15861